书目信息 |
| 题名: |
如何成功地交流
|
|
| 作者: | ANDREW WRIGHT 著 | |
| 分册: | ||
| 出版信息: | 北京 外语教学与研究出版社 1998.11 |
|
| 页数: | 102页 | |
| 开本: | 16开 | |
| 丛书名: | ||
| 单 册: | ||
| 中图分类: | H319.4 | |
| 科图分类: | ||
| 主题词: | 英语 | |
| 电子资源: | ||
| ISBN: | 7-5600-1452-6 | |
| 000 | 00560nam0 2200193 45 | |
| 001 | 1009062232 | |
| 005 | 20100906222433.0 | |
| 010 | @a7-5600-1452-6@d8.90元 | |
| 100 | @a20100906d1998 km y0chiy0120 ea | |
| 101 | 0 | @achi |
| 105 | @a z 000yy | |
| 200 | 1 | @a如何成功地交流@ARu He Cheng Gong Di Jiao Liu@fANDREW WRIGHT 著@FANDREW WRIGHT Zhu |
| 210 | @a北京@c外语教学与研究出版社@d1998.11 | |
| 215 | @a102页@d16开 | |
| 606 | 0 | @a英语 |
| 690 | @aH319.4@v3 | |
| 701 | 0 | @aANDREW WRIGHT@4著 |
| 801 | @aCN@bPftUser@c20100906 | |
| 905 | @b130055-059@dH319.4@eS875@f5 | |
| 如何成功地交流/ANDREW WRIGHT 著.-北京:外语教学与研究出版社,1998.11 |
| 102页;16开 |
| ISBN 7-5600-1452-6:8.90元 |
| ● |
| 相关链接 |
|
|
|
正题名:如何成功地交流
索取号:H319.4/S875
 
预约/预借
| 序号 | 登录号 | 条形码 | 馆藏地/架位号 | 状态 | 备注 |
| 1 | 130055 | 201300555 | 语言库209/209语言库 48排6列1层/ [索取号:H319.4/S875] | 在馆 | |
| 2 | 130056 | 201300564 | 语言库209/209语言库 48排6列1层/ [索取号:H319.4/S875] | 在馆 | |
| 3 | 130057 | 201300573 | 语言库209/209语言库 48排6列1层/ [索取号:H319.4/S875] | 在馆 | |
| 4 | 130058 | 201300582 | 语言库209/209语言库 48排6列1层/ [索取号:H319.4/S875] | 在馆 | |
| 5 | 130059 | 201300591 | 语言库209/209语言库 48排6列1层/ [索取号:H319.4/S875] | 在馆 |